مكتبة جامعة عجلون الوطنية

فهرس بحث المكتبة

Normal view MARC view
  • علي،عبير فريحات

Entry Personal Name

Number of records used in: 1

001 - CONTROL NUMBER

  • control field: 33904

003 - CONTROL NUMBER IDENTIFIER

  • control field: JO-AjAnu

005 - DATE AND TIME OF LATEST TRANSACTION

  • control field: 20230606075702.0

008 - FIXED-LENGTH DATA ELEMENTS

  • fixed length control field: 230606|| aca||aabn | a|a d

040 ## - CATALOGING SOURCE

  • Original cataloging agency: JO-AjAnu
  • Transcribing agency: JO-AjAnu

100 ## - HEADING--PERSONAL NAME

  • Personal name: علي،عبير فريحات

670 ## - SOURCE DATA FOUND

  • Source citation: Work cat.: (JO-AjAnu)17414: علي،عبير فريحات, author, الدور الإفريقي في الإسراع بالريادة الصينية للاقتصاد العالمي =African role in speedup of the Chinese leadership of the global economY